000 01195cam a2200349 4500
001 B2816
008 090401t1989 xxu||||| |||| 00| 0 eng d
035 _a(Sirsi) u52359
041 _aeng
050 _a346.41032
090 _aRICS 1989/84ABCD
110 _aRoyal Institution of Chartered Surveyors
_94900
245 _aProfessional liability in the public sector : a memorandum of guidance for chartered surveyors
260 _aLondon
_bRoyal Institution of Chartered Surveyors
_c1989
300 _a13p. ; 30cm.
350 _a0
520 _aWorking party on professional liability in the public sector. Cover title: Chartered Surveyors in the Public Sector. Dated April 1988 but did not appear until June 1989.
650 _aCHARTERED SURVEYORS IN THE PUBLIC SECTOR
650 _aABOUT RICS-RICS MEMBERS
650 _aCPII
650 _aGUIDANCE NOTES
650 _aINDEMNITY CLAUSES
650 _aInsurance
_96249
650 _aLOCAL GOVERNMENT FINANCE ACT 1982 S20
650 _aNEGLIGENCE
650 _aPROFESSIONAL INDEMNITY INSURANCE
650 _aPUBLIC SECTOR
650 _aRICS
700 _aCoe, Geoffrey
_xChairman
942 _n0
948 _c04/03/1997
999 _c93044
_d93044